Imperios y países más grandes por superficie - Estadísticas

Estadísticas generales
  • Esta prueba ha sido intentada 112 veces
  • La puntuación promedio es 9 de 15
Estadísticas de respuestas
Area
(millones de km²)
Imperio o país % Correcto
24,0 Imperio español
96%
24,0 Imperio ruso
96%
32,0 Imperio mongol
88%
35,5 Imperio britanico
87%
13,5 Segundo imperio colonial francés
86%
14,7 Dinastía Qing
81%
10,4 Imperio portugués
72%
10,0 Estados Unidos
70%
8,5 Brasil
61%
9,9 Canadá
61%
7,7 Australia
52%
13,2 Califato omeya
21%
11,1 Califato abasí
10%
11,0 Dinastía Yuan
3%
9.0 Imperio xiongnu
1%
No se encontraron pruebas coincidentes
Distribución de puntuación
Porcentaje de gente con cada puntuación
Porcentaje por número respondido
Historial de tus puntuaciones
No has intentado esta prueba.